000 00680nam a22001937a 4500
005 20251108173309.0
008 250721s2006 xx 000 0 ara d
082 1 4 _a542.1/شاه
100 1 _aشاهين، جميل نعمان
_eمؤلف
245 1 0 _aدليل العمل في مختبر الكيمياء /
264 1 _aعمان :
_bدار عالم الثقافة للنشر والتوزيع،
_c2006.
300 _a148ص.
490 0 _aسلسلة المختبرات العلمية
650 1 7 _aالمختبرات العلميه
650 1 7 _aالمختبرات الكيميائية
650 1 7 _aالمعدات المخبرية
942 _2ddc
_cBK
999 _c100635
_d100635